Teach yourself C

Salvato in:
Dettagli Bibliografici
Autore principale: Schildt, Herbert (Autore)
Natura: Libro
Lingua:inglese
Pubblicazione: Berkeley Osborne 1997
Edizione:3a. ed
Soggetti:
Tags: Aggiungi Tag
Nessun Tag, puoi essere il primo ad aggiungerne!!

MARC

LEADER 00000cam a2200000 a 4500
001 UCE9803
003 CL-VaPUC
008 151106e19970000us |||||||||||||||||eng|d
020 |a 0078823110 
082 0 4 |a 005.133  |b SCH  |2 21 
100 0 |a Schildt, Herbert  |e author  |9 582749 
245 1 0 |a Teach yourself C 
250 |a 3a. ed 
300 |a 640 p 
942 |c BK 
945 |d 20151106 14:16:00  |a dcastane 
260 |a Berkeley  |b Osborne  |c 1997 
650 0 |a Lenguajes de programación   |9 259458 
650 0 |a Páginas web  |x Diseño  |9 436463 
650 0 |a Programación de computadores   |9 259531 
650 7 |a PROGRAMACION EN C  |2 CL-VaPUC  |9 485618 
583 |a last modification  |c 20151106 14:16:00  |k Rodrigo Vera 
999 |c 361448  |d 361446 
952 |0 0  |1 0  |3 erb  |4 0  |6 005_133000000000000_SCH_1997  |7 0  |8 A  |9 472002  |a BIBMAT  |b BIBMAT  |i 5247861  |l 1  |o 005.133 SCH 1997  |p 5247861  |r 2025-01-07  |s 2023-08-29  |w 2019-11-24  |y BK  |z Catalogado en:20151106  |k MAT